Imitation, innovation, and trade

Đã lưu trong:
Bibliografiske detaljer
Hovedforfatter: Terutomo, Ozawa
Format: Bog
Sprog:Undetermined
Udgivet: Japan 1966
Fag:
Tags: Tilføj Tag
Ingen Tags, Vær først til at tagge denne postø!
Thư viện lưu trữ: Trung tâm Học liệu Trường Đại học Cần Thơ
LEADER 00439nam a2200169Ia 4500
001 CTU_95413
008 210402s9999 xx 000 0 und d
082 |a 382 
082 |b O.99 
100 |a Terutomo, Ozawa 
245 0 |a Imitation, innovation, and trade 
245 0 |c Terutomo Ozawa 
260 |a Japan 
260 |c 1966 
650 |a Trade,Innovation 
904 |i Tuyến 
980 |a Trung tâm Học liệu Trường Đại học Cần Thơ